000 00667nam a2200193Ia 4500
005 20260114185802.0
008 008 260114s9999 xx 000 0 eng d
020 _a9781501338038
037 _aEBOOK
040 _aCRL
_beng
_cCRL
041 _aeng
_2eng
084 _qCRL
100 _aJonathan Schroeder, Anna Westerth†l Stenport, and Eszter Szalczer
_9874382
245 0 _aAugust Strindberg and Visual Culture The Emergence of Optical Modernity in Image, Text and Theatre
260 _bBloomsbury
_c2018
856 _uhttps://doi.org/10.5040/9781501338038?locatt=label:secondary_bloomsburyCollections
942 _cEBOOK
999 _c1473316
_d1473316